World Map without 50 Random Countries - Statistics

General Stats
  • This quiz has been taken 202,797 times
  • The average score is 43 of 50
Answers on the Map
Answers color-coded by a green-red scale on the quiz's map according to % correct below.
 
Answer Stats
Country % Correct
Canada
99%
United States
99%
Brazil
98%
Mexico
98%
Russia
98%
Argentina
97%
China
97%
Colombia
97%
France
97%
Germany
97%
Spain
96%
Algeria
95%
Bolivia
95%
Egypt
95%
India
95%
Italy
95%
Kazakhstan
95%
Mongolia
95%
Poland
95%
Sweden
95%
Ukraine
95%
Australia
94%
Finland
94%
Panama
94%
Paraguay
94%
Peru
94%
South Africa
94%
Switzerland
94%
Turkey
94%
United Kingdom
94%
Venezuela
94%
Austria
93%
Belarus
93%
DR Congo
93%
Indonesia
93%
Iran
93%
Libya
93%
Niger
93%
Norway
93%
Pakistan
93%
Saudi Arabia
93%
Chad
92%
Chile
92%
Czech Republic
92%
Nepal
92%
Romania
92%
Slovakia
92%
Sudan
92%
Afghanistan
91%
Guatemala
91%
Hungary
91%
Japan
91%
Mali
91%
Ecuador
90%
Ethiopia
90%
Morocco
90%
Nicaragua
90%
Nigeria
90%
Uruguay
90%
Uzbekistan
90%
Belgium
89%
Bulgaria
89%
Costa Rica
89%
Croatia
89%
Denmark
89%
Guyana
89%
Iraq
89%
Portugal
89%
Serbia
89%
Thailand
89%
Bosnia and Herzegovina
88%
Central African Republic
88%
Kenya
88%
Lithuania
88%
Myanmar
88%
North Korea
88%
South Sudan
88%
Suriname
88%
Yemen
88%
Zimbabwe
88%
Angola
87%
Ghana
87%
Greece
87%
Honduras
87%
Ivory Coast
87%
Laos
87%
Latvia
87%
Mauritania
87%
Moldova
87%
Namibia
87%
Oman
87%
Republic of the Congo
87%
South Korea
87%
Turkmenistan
87%
Botswana
86%
Dominican Republic
86%
Kyrgyzstan
86%
Mozambique
86%
New Zealand
86%
Senegal
86%
Slovenia
86%
Tanzania
86%
Togo
86%
Zambia
86%
Cameroon
85%
Jordan
85%
Kosovo
85%
North Macedonia
85%
Tajikistan
85%
Tunisia
85%
Armenia
84%
Benin
84%
Guinea
84%
Uganda
84%
Bangladesh
83%
Burkina Faso
83%
Cuba
83%
Haiti
83%
Ireland
83%
Lesotho
83%
Papua New Guinea
83%
Syria
83%
Vietnam
83%
Azerbaijan
82%
Cambodia
82%
Madagascar
82%
Netherlands
82%
Eritrea
81%
Estonia
81%
Gabon
81%
Malaysia
81%
Albania
80%
Georgia
80%
Somalia
80%
Sri Lanka
80%
Liberia
79%
Malawi
79%
Rwanda
79%
Sierra Leone
79%
Taiwan
79%
Philippines
78%
Bahamas
77%
Guinea-Bissau
77%
Iceland
77%
El Salvador
75%
Eswatini
75%
FS Micronesia
75%
Seychelles
75%
Equatorial Guinea
74%
Israel
74%
Kiribati
74%
Burundi
73%
Cape Verde
73%
Jamaica
73%
Belize
72%
Fiji
72%
Maldives
72%
Mauritius
72%
United Arab Emirates
72%
Sao Tome and Principe
71%
Solomon Islands
71%
Comoros
70%
Malta
70%
Marshall Islands
69%
Palau
69%
Samoa
69%
Tonga
68%
Tuvalu
68%
Vanuatu
68%
Nauru
67%
Kuwait
66%
No matching quizzes found
Score Distribution
Percent of People with Each Score
Percentile by Number Answered
Your Score History
You have not taken this quiz